000 00514nam a22001817a 4500
005 20251108164839.0
008 250721s1983 xx 000 0 ara d
082 1 4 _a616.72/أنت
245 1 0 _aأنت و الروماتيزم /
264 1 _aالقاهره :
_bدار الهلال،
_c1983.
300 _a159ص : مص
490 0 _aالكتاب الطبي
650 1 7 _aالجهاز الحركي
650 1 7 _aأمراض المفاصل
650 1 7 _aالروماتزم
942 _2ddc
_cBK
999 _c15769
_d15769